000
00294nam a2200109Ia 4500
008
200302s9999 xx 000 0 und d
100
_a
Simon Polley
245
_a
Understanding The Building Regulations - 3Rd Editi
260
_b
Taylor And Francis Group, Canada
260
_c
2005
300
_a
280 P
999
_c
4958
_d
4958